00239nam a2200085Ia 4500008004100000082001400041100003300055245005700088300000800145210430s9999 xx 000 0 und d a470 K581H aMir hussain Ali khan Kirmani aHistory of Tipu SultancMir hussain Ali khan Kirmani a186